A nevelés alapgondolatai.

Elmentve itt :
Bibliográfiai részletek
Szerző: Marszina Alajos
Adatforrás:Philobibl
Forrásdokumentuma:Katholikus Nevelés
1915. évf., 54-61./97-102./145-152.p. p.
Dokumentumtípus: Cikk
Nyelv:magyar
LEADER 00342nab a2200109 c 4500
001 bibDOK00027236
005 20200924122154.2
008 060518s1915 hu hun
100 1 |a Marszina Alajos 
245 1 2 |a A nevelés alapgondolatai.  |c Marszina Alajos 
500 |a 193-200./241-246.p. 
773 0 |t Katholikus Nevelés  |g 1915. évf., 54-61./97-102./145-152.p. p.